Chooser options

Pojem chooser (voliteľné, výberové) opcie. Praktický príklad. Complex chooser options prezentované Rubinsteinom. Praktický príklad.

Guardado en:
Detalles Bibliográficos
Autor principal: Šturc, Boris, 1961-
Formato: Capítulo de libro
Lenguaje:eslovaco
Materias:
Etiquetas: Agregar Etiqueta
Sin Etiquetas, Sea el primero en etiquetar este registro!

MARC

LEADER 00000nla$a2200000$$$4500
001 0035131
005 20240502071447.3
041 0 |a slo 
044 |a SK 
245 1 0 |a Chooser options  |c Boris Šturc 
520 |a Pojem chooser (voliteľné, výberové) opcie. Praktický príklad. Complex chooser options prezentované Rubinsteinom. Praktický príklad. 
610 2 0 |a opcie 
610 2 0 |a hodnota reálna 
610 2 0 |a oceňovanie 
610 2 0 |a ceny realizačné 
100 1 |a Šturc, Boris, 1961-